| Tag |
First Indicator |
Second Indicator |
Subfields |
| LEADER |
00000cam a2200000 a 4500 |
| 001 |
in00004476713 |
| 005 |
20191202143537.0 |
| 008 |
911016s1992 maua b 100 0 eng c |
| 010 |
|
|
|a 91033451
|
| 020 |
|
|
|a 0817635645 (H : alk. paper)
|
| 020 |
|
|
|a 3764335645 (H : alk. paper)
|
| 035 |
|
|
|a (OCoLC)24667774
|
| 035 |
|
|
|9 AAE9315MS
|
| 035 |
|
|
|z (UtOrBLW)16441
|
| 035 |
|
|
|a 28017
|
| 040 |
|
|
|a DNLM/DLC
|c DLC
|d TMV
|d UtOrBLW
|
| 049 |
|
|
|a TMVM
|c 1
|
| 050 |
0 |
0 |
|a QP341
|b .C42 1992
|
| 060 |
|
0 |
|a QD 551 C472 1991
|
| 082 |
0 |
0 |
|a 574.19/127
|2 20
|
| 096 |
|
|
|a QP 341
|b C472 1991
|
| 245 |
0 |
0 |
|a Charge and field effects in biosystems--3 /
|c edited by Milton J. Allen [and others].
|
| 264 |
|
1 |
|a Boston :
|b Birkhäuser,
|c 1992.
|
| 300 |
|
|
|a x, 502 pages :
|b illustrations ;
|c 25 cm.
|
| 336 |
|
|
|a text
|2 rdacontent
|b txt
|
| 337 |
|
|
|a unmediated
|2 rdamedia
|
| 338 |
|
|
|a volume
|2 rdacarrier
|b nc
|
| 500 |
|
|
|a Based on the Third International Symposium on Charge and Field Effects in Biosystems, July 21-27, 1991, Virginia Commonwealth University.
|
| 504 |
|
|
|a Includes bibliographical references.
|
| 505 |
0 |
|
|a Experimental approaches to the study of charge and energy transfer in biomolecular and intact cellular systems -- Ion and electron transport properties of biological and artificial membranes -- Effects of electrochemical processes and electromagnetic fields on biological systems -- Photo-induced bioelectrochemical processes -- Applications of bioelectrochemical technology.
|
| 650 |
|
2 |
|a Biological Transport
|v Congresses.
|
| 650 |
|
2 |
|a Cell Membrane
|x physiology
|v Congresses.
|
| 650 |
|
2 |
|a Electrochemistry
|v Congresses.
|
| 650 |
|
2 |
|a Energy Transfer
|x physiology
|v Congresses.
|
| 650 |
|
2 |
|a Ions
|v Congresses.
|
| 700 |
1 |
|
|a Allen, M. J.
|q (Milton Joel),
|d 1918-
|
| 711 |
2 |
|
|a International Symposium on Charge and Field Effects in Biosystems
|n (3rd :
|d 1991 :
|c Virginia Commonwealth University)
|
| 999 |
|
|
|a MARS
|
| 999 |
f |
f |
|s 430305df-001b-3702-a43c-5dfa77230b94
|i 50c8faef-378f-3df2-bb61-baf561ca2564
|t 0
|
| 952 |
f |
f |
|p preservation
|a Texas A&M University
|b J.J. Pickle Campus
|c High Density Repository
|d Remote Storage
|t 0
|e QP 341 C472 1991
|h National Library of Medicine classification
|i unmediated -- volume
|m 3238901125720
|
| 998 |
f |
f |
|a QP 341 C472 1991
|t 0
|l Remote Storage
|